000 00598nam a22001817a 4500
005 20231120104026.0
008 231120b |||||||| |||| 00| 0 eng d
020 _a0702111201
041 _aEnglish
082 _a343.4 SIL
100 _aC Divaris and ML Stein
_lEnglish
245 _a1980/81 Cumulative Supplement to Silkw on South African Income Tax /
_cC Divaris and ML Stein
250 _aNinthEdition
260 _aCape Town :
_bJuta and Company Ltd,
_c1980
300 _bxiii, 648 pages ;
_c25,5 cm.
650 _aLegal practice
_bLaw
942 _cBK
_6ALISON_BN_VRIES
999 _c796
_d796